Konvencionnata jerarchija na privilegiite na Evropejskata obštnost.

Skúmanie vývoja mechanizmu pridružovania k ES, ktorý viedol k vzniku pyramídy výhod poskytovaných v rámci dohôd jednotlivým skupinám krajín-nečlenov. Náčrt aktualizovaného a modifikovaného variantu "pyramídy privilégií Spoločenstva". Dva základné smery pôsobenia zodpovedajúcej konvenčnej hierarchie...

ver descrição completa

Na minha lista:
Detalhes bibliográficos
Autor principal: Pašov, A.
Formato: Capítulo de Livro
Idioma:búlgaro
Assuntos:
Tags: Adicionar Tag
Sem tags, seja o primeiro a adicionar uma tag!

MARC

LEADER 00000naa a2200000 4500
001 r009173
005 20221125115003.6
041 0 |a bul 
044 |a BG 
245 1 0 |a Konvencionnata jerarchija na privilegiite na Evropejskata obštnost.  |c A. Pašov 
520 |a Skúmanie vývoja mechanizmu pridružovania k ES, ktorý viedol k vzniku pyramídy výhod poskytovaných v rámci dohôd jednotlivým skupinám krajín-nečlenov. Náčrt aktualizovaného a modifikovaného variantu "pyramídy privilégií Spoločenstva". Dva základné smery pôsobenia zodpovedajúcej konvenčnej hierarchie na eventuálnu dohodu medzi ES a Bulharskom. 
610 2 0 |a Európske spoločenstvá 
610 2 0 |a BR 
610 2 0 |a zoskupenia integračné medzinárodné 
610 2 0 |a východná Európa 
610 2 0 |a krajiny rozvojové 
610 2 0 |a oblasti obchodu voľného 
610 2 0 |a zmluvy medzinárodné 
100 1 |a Pašov, A.